|
|
|
|
| LEADER |
00000nab a2200000uu 4500 |
| 001 |
vtls011525854 |
| 003 |
SK-MaSNL |
| 005 |
20260304034548.0 |
| 008 |
230302|1888 xo |||||||||||||||||slo| |
| 015 |
|
|
|a SNBRB
|
| 035 |
|
|
|a (urnnbn)urn:nbn:sk:snk:ar-008n4i
|
| 035 |
|
|
|a (uuid)71ae4548-ecd0-4cb7-9727-8c80f34cca73
|
| 035 |
|
|
|a urn:nbn:sk:snk-abed2c
|
| 040 |
|
|
|a SNKBUCL
|b slo
|c SNKBUCL
|e AACR2
|
| 041 |
0 |
|
|a slo
|
| 044 |
|
|
|a xo
|c SK
|
| 100 |
1 |
|
|a Lombardini, Alexander,
|d 1851-1897
|4 aut
|9 162960
|
| 245 |
1 |
0 |
|a Dávna Žilina
|c Alexander Lombardini
|
| 650 |
0 |
7 |
|a dejiny miest
|2 SNKPH
|9 164833
|
| 651 |
|
7 |
|a Žilina (Slovensko)
|2 SNKPHgeo
|9 28812
|
| 773 |
0 |
|
|t Slovenské pohľady
|g Roč. 8, č. 6 (1888), s. 134-143
|
| 958 |
|
|
|a OND
|
| 958 |
|
|
|a EUIPO
|
| 958 |
|
|
|a article21
|
| 999 |
|
|
|c 2653763
|d 2655693
|